Alle U-Bahn Linien Londons - Statistiken

Allgemein
  • Dieses Quiz wurde 531 mal gespielt
    257 seit der letzten Aktualisierung
  • Das Durchschnittsergebnis liegt bei 7 aus 11
Antwortstatistiken
Name der Linie % Korrekt
. Piccadilly line
74%
. Jubilee line
73%
. Victoria line
72%
. Central line
71%
. Bakerloo line
67%
. Circle line
67%
. Hammersmith & City line
64%
. Northern line
58%
. District line
51%
. Waterloo & City line
41%
. Metropolitan line
40%
Keine übereinstimmenden Quizze gefunden
Verteilung der Resultate
Anzahl Personen mit jedem Resultat
Perzentil nach korrekt beantworteten Fragen
Ihre Resultats-Entwicklung
Sie haben dieses Quiz seit der letzten Aktualisierung nicht gespielt